Сказание за времето на Самуила, за Самуил и брата му Аарон, за синовете им Радомир и Владислав, за селяка Житан и старейшината Горазд Мъдрия и за много други хора, живели преди нас (Запис номер 153475)
[ съкратено ]
| 000 -Лидер | |
|---|---|
| Контролно поле с фиксирана дължина | nam a22 a 4500 |
| 003 - Код на организацията, давaща контролен номер | |
| Контролно поле | BLK |
| 005 - Дата и час на последна редакция | |
| Контролно поле | 20220622114754.0 |
| 008 - Елементи от данни с фиксирана дължина | |
| fixed length control field | 180410b bul|||||r ||||||| ||bul|| |
| 040 ## - Източник на каталожния запис | |
| Идентификатор на билиотеката - собственик на записа | BLK |
| 041 ## - Код за език | |
| Код за езика на текст/звукозапис или на отделно заглавие | Български |
| Код за езика КДБФ | Български |
| 080 ## - УДК | |
| Текстов определител УДК | Българска литература |
| УДК код - определител по УДК | 821.163.2 |
| УДК определител | -311.6 |
| УДК - код + определител | 821.163.2-311.6 |
| 100 1# - Редна дума - Автор | |
| Автор | Дончев, Антон Николов |
| Авторска отговорност | първи автор |
| R(LIN) | 365055 |
| 139 ## - Редно поле | |
| Редна дума | Дончев, Антон Николов |
| Авторски знак | Донч - Д 78 |
| 245 10 - Сведения за заглавието | |
| Заглавие | Сказание за времето на Самуила, за Самуил и брата му Аарон, за синовете им Радомир и Владислав, за селяка Житан и старейшината Горазд Мъдрия и за много други хора, живели преди нас |
| Подзаглавни данни | Ист. роман |
| Редно поле (дума) | Антон Николов Дончев; худож. Атанас Нейков Нейков. |
| 250 ## - Област на изданието | |
| Сведения за изданието | 2. изд. |
| 257 ## - Страна на издаване | |
| Страна на създаване/издаване | България |
| 260 ## - Област на издателските данни | |
| Място на издаване, разпространение и проч. | София |
| Име на издателя, разпространителя и проч. | Нар. младеж |
| Година на издаване | 1969 |
| 9 (RLIN) | 210040 |
| 300 ## - Физическа характеристика | |
| Страници | 604 с. |
| Размери/Мащаб | 21 см |
| 380 ## - Жанр | |
| Жанр | Худож. лит. |
| 500 ## - Общи забележки | |
| Забележка | 1. изд. 1961. - 25 100 тир. |
| 700 1# - Други автори (авторска отговорност) | |
| Лично име | Нейков, Атанас Нейков |
| Автороска отговорност (Описва отношението между автора и произведението) | худож. |
| 9 (RLIN) | 370189 |
| 852 ## - Местоположение | |
| Форматна сигнатура | Цб 49276 |
| Фондова буква | Хранилище |
| 856 4# - Електронен адрес и достъп | |
| Електронен формат | pdf - файл |
| 856 4# - Електронен адрес и достъп | |
| Електронен формат | pdf - файл |
| 999 ## - СИСТЕМНИ КОНТРОЛНИ НОМЕРА | |
| Koha biblionumber | 153475 |
| Koha biblioitemnumber | 153475 |
| 942 ## - АРТИКУЛИ | |
| Вид на библиотечния материал | Книги |
| Скрит в OPAC | Не |
| Периодичен библиозапис | Да |
| 944 ## - СЪЗДАВАНЕ И РЕДАКЦИЯ на ЗАПИСА | |
| Създаване/Редакция | Създаване |
| Дата на регистрацията/редакция | 17.04.2014 |
| Статус, дата на статуса | 17.04.2014 - от С1,Р / 17.04.2014 |
| Служител, извършил регистрацията/редакцията | Иван_Цеков |
| 944 ## - СЪЗДАВАНЕ И РЕДАКЦИЯ на ЗАПИСА | |
| Създаване/Редакция | Редакция |
| Статус, дата на статуса | 2022-06-22 |
| Служител, извършил регистрацията/редакцията | Кети |
| 999 ## - СИСТЕМНИ КОНТРОЛНИ НОМЕРА | |
| Koha biblioitemnumber | 153475 |
| Код за отписване | Код за изгубен артикул | Източник на класификационната схема | Код за повреда | Коз за рестрикции | Код за отдаване | Артикулен № | Име на библиотеката - собственик | Име на библиотеката, в която се намира в момента | Статус (Текущо местоположение) | Дата на вписване в системата | Местоположение - отдел | Цена в лева | Инвентарен номер | Систематично азбучна сигнатура | Баркод | Номер на екземпляра | Цена в евро | Служебна бележка | Служебен тип на артикула | Бележка за публиката |
|---|---|---|---|---|---|---|---|---|---|---|---|---|---|---|---|---|---|---|---|---|
| Не е изгубен | Universal Decimal Classification | Не е повреден | само за читалня | ползва се в читалня | 257126 | Регионална библиотека "Любен Каравелов" Русе | Регионална библиотека "Любен Каравелов" Русе | Хранилище | 1969-01-01 | Хранилище | 2.79 | 54522 | Цб 49276 | 120000054522 | 1 | 1.43 | N: стар фонд Дата: 01.01.1969 | Книги | ||
| Изтеглен | Не е изгубен | Не е повреден | без рестрикции | заемане за дома | 257127 | Регионална библиотека "Любен Каравелов" Русе | Регионална библиотека "Любен Каравелов" Русе | 1969-01-01 | Заемна - подръчен фонд | 2.79 | 54812 | П 886.7-31/Д 78 | 54812 | 2 | 1.43 | N: стар фонд Дата: 01.01.1969 | Книги | Отч.N: 19/2018 , Дата: 22.03.2018 | ||
| Изтеглен | Не е изгубен | Не е повреден | без рестрикции | заемане за дома | 257128 | Регионална библиотека "Любен Каравелов" Русе | Регионална библиотека "Любен Каравелов" Русе | 1969-01-01 | Заемна - подръчен фонд | 2.79 | 54817 | П 886.7-31/Д 78 | 54817 | 3 | 1.43 | N: стар фонд Дата: 01.01.1969 | Книги | Отч.N: 19/2018 , Дата: 22.03.2018 | ||
| Изтеглен | Не е изгубен | Не е повреден | без рестрикции | заемане за дома | 257129 | Регионална библиотека "Любен Каравелов" Русе | Регионална библиотека "Любен Каравелов" Русе | 1969-01-01 | Заемна - подръчен фонд | 2.79 | 54821 | П 886.7-31/Д 78 | 54821 | 4 | 1.43 | N: стар фонд Дата: 01.01.1969 | Книги | Отч.N: 19/2018 , Дата: 22.03.2018 | ||
| Изтеглен | Не е изгубен | Не е повреден | без рестрикции | заемане за дома | 257130 | Регионална библиотека "Любен Каравелов" Русе | Регионална библиотека "Любен Каравелов" Русе | 1969-01-01 | Детски отдел | 2.79 | 54864 | ДХ 886.7/Д 78 | 54864 | 5 | 1.43 | N: стар фонд Дата: 01.01.1969 Дата инв: 02.09.2015 Бележки инв: Д2015 | Книги | Отч.N: 31/2017 , Дата: 01.09.2017 | ||
| Изтеглен | Не е изгубен | Universal Decimal Classification | Не е повреден | без рестрикции | заемане за дома | 257131 | Регионална библиотека "Любен Каравелов" Русе | Регионална библиотека "Любен Каравелов" Русе | Детски отдел | 1969-01-01 | Детски отдел | 2.79 | 54868 | ДХ 886.7/Д 78 | 54868 | 6 | 1.43 | N: стар фонд Дата: 01.01.1969 Дата инв: 02.09.2015 Бележки инв: Д2015 | Книги |